000
00302nam a2200121 a 4500
005
20140414132053.0
008
110715s19uu xx 00 eng d
050
_a
ER
_b
Ba167 1998
100
_a
Hayward, Linda
245
_a
Baker,baker,cookie maker.
260
_a
U.S.A :
_b
CTW,
_c
1998.
999
_c
114239
_d
114239